000 00676nam a2200241Ia 4500
003 OSt
005 20220923213549.0
006 a|||||r|||| 00| 0
007 ta
008 220922b |||||||| |||| 00| 0 hin d
024 _a162,918
037 _cTextual
040 _aARTS
_cARTS
_bhin
041 _2hin
_ahin
082 _aO152,2NOJx, H9
100 _aओझा, शिवकुमार
245 0 _aदेव - दर्शन
246 _aDev - darshana
260 _c1949
650 _aहिन्दी साहित्य
_9156264
942 _hO152,2NOJx, H9
_cTEXL
_2CC
999 _c317398
_d317398